| 000 | 01533nam a2200421 i 4500 | ||
|---|---|---|---|
| 001 | 40595 | ||
| 003 | KOSZ 005 | ||
| 005 | 20200811141051.0 | ||
| 008 | 011008s2001 pl a f f |000 0 pol | ||
| 015 | _aPB 2001/16794 | ||
| 020 | _a8372421447 | ||
| 035 | _a(OCoLC)749249336 | ||
| 040 |
_aWA N _cWA N _dKOSZ 005/HR |
||
| 041 | 0 | _apol | |
| 080 | _a621.56/.59 | ||
| 080 | _a(075.8) | ||
| 100 | 1 |
_aZalewski, Wojciech _d(1949- ) _eAutor |
|
| 245 | 1 | 0 |
_aProjektowanie i eksploatacja systemów chłodniczych : _bpodręcznik dla studentów wyższych szkół technicznych / _cWojciech Zalewski ; Politechnika Krakowska im. Tadeusza Kościuszki. |
| 260 |
_aKraków : _bPK, _c2001. |
||
| 300 |
_a223 strony : _bilustracje ; _c24 cm. |
||
| 336 |
_2rdacontent _aTekst _btxt |
||
| 337 |
_2rdamedia _aBez urządzenia pośredniczącego _bn |
||
| 380 | _aKsiążki | ||
| 380 | _aPublikacje dydaktyczne | ||
| 385 |
_mPoziom nauczania _aSzkoły wyższe |
||
| 388 | _a2001- | ||
| 504 | _aBibliografia | ||
| 650 | 4 | _aChłodnictwo | |
| 658 | _aInżynieria i technika | ||
| 655 | 4 | _aPodręczniki akademickie | |
| 650 | 4 | _aProjekty | |
| 650 | 4 | _aObsługa i eksploatacja | |
| 650 | 4 | _aUrządzenia chłodnicze | |
| 710 | 2 | _aPolitechnika Krakowska im. Tadeusza Kościuszki | |
| 710 | 2 | _aWydawnictwo Politechniki Krakowskiej | |
| 856 |
_uhttp://koha.tu.koszalin.pl/cgi-bin/koha/opac-detail.pl?biblionumber=40595 _yKatalog online BPK |
||
| 942 |
_2UKD _cKS |
||
| 999 |
_c40595 _d40595 |
||